000 00254nam a2200097Ia 4500
001 642379
005 20250826153525.0
008 250824s9999 xx 000 0 und d
245 0 _aSuna nın Serçeleri Gökkuş Diz
_cGülten Dayıoğlu
260 _bALTIN
999 _c642379
_d642379